[Event "POL-chT 2nd League"]
[Site "Jastrzebia Gora"]
[Date "2023.09.05"]
[Round "4.66"]
[White "Matskevich, Varvara"]
[Black "Bukowska, Katarzyna"]
[Result "1-0"]
[WhiteElo "1690"]
[BlackElo "1732"]
[PlyCount "93"]
[EventDate "2023.09.02"]
[EventType "team-swiss"]
[EventRounds "9"]
[EventCountry "POL"]
[SourceTitle "EXT 2024"]
[Source "ChessBase"]
[SourceDate "2023.10.10"]
[SourceVersion "1"]
[SourceVersionDate "2023.10.10"]
[SourceQuality "1"]
[WhiteTeam "Warszawa Czternastka"]
[BlackTeam "Konin Hetman"]
[WhiteTeamCountry "POL"]
[BlackTeamCountry "POL"]

1. f4 d5 2. Nf3 g6 3. g3 c6 4. Bg2 Qb6 5. d3 Bg7 6. Nc3 Nh6 7. Na4 Qa5+ 8. c3 Nd7 9. b4 Qc7 10. Bd2 Nf6 11. 0-0 Nf5 12. Qe1 Nd6 13. Ne5 0-0 14. e4 a5 15. Nc5 b6 16. Nb3 axb4 17. cxb4 Ba6 18. Rc1 dxe4 19. Rxc6 Qb7 20. Be3 Bxd3 21. Rxd6 exd6 22. Nxd3 Rxa2 23. Ndc1 Ra4 24. Bd4 d5 25. f5 Qc6 26. Qd2 Raa8 27. Qb2 Rac8 28. Be5 Ne8 29. Bxg7 Nxg7 30. f6 Ne6 31. Qd2 Qd6 32. Bxe4 Rfd8 33. Bg2 d4 34. Bh3 Rc7 35. Rf3 Rc3 36. Rf1 Re3 37. Nd3 Ng5 38. Bg2 Ne4 39. Bxe4 Rxe4 40. Qh6 Qf8 41. Qg5 Re2 42. Nbc1 Rc2 43. Nf4 Qxb4 44. Ne6 Rxc1 45. Rxc1 fxe6 46. f7+ Kxf7 47. Qxd8 1-0

[Event "POL-ch Blitz U18 Girls"]
[Site "Bydgoszcz"]
[Date "2023.08.31"]
[Round "3"]
[White "Tkacz, Katarzyna"]
[Black "Matskevich, Varvara"]
[Result "0-1"]
[WhiteElo "1246"]
[BlackElo "1665"]
[PlyCount "94"]
[EventDate "2023.08.28"]
[EventType "swiss"]
[EventRounds "9"]
[EventCountry "POL"]
[SourceTitle "EXT 2024"]
[Source "ChessBase"]
[SourceDate "2023.10.10"]
[SourceVersion "1"]
[SourceVersionDate "2023.10.10"]
[SourceQuality "1"]

1. d4 f5 2. Bf4 Nf6 3. e3 d6 4. c4 e6 5. Nc3 Qe7 6. h4 g6 7. h5 Nxh5 8. Rxh5 gxh5 9. Qxh5+ Qf7 10. Qf3 Bg7 11. Nh3 h6 12. Be2 Nc6 13. 0-0-0 Bd7 14. Qg3 0-0-0 15. Bh5 Qxh5 16. Qxg7 Rhg8 17. Qxh6 Qxh6 18. Bxh6 Rxg2 19. Bg5 Rh8 20. Rh1 Rxg5 21. Ne2 Rgh5 22. Nef4 R5h6 23. Rg1 Rxh3 24. Nxh3 Rxh3 25. Rg8+ Nd8 26. Kd2 c6 27. Kc3 Kc7 28. b4 f4 29. Kd3 fxe3 30. fxe3 e5 31. dxe5 dxe5 32. Rg5 Ne6 33. Rxe5 Nf4+ 34. Ke4 Ng2 35. Kd4 Rh4+ 36. Kd3 Ne1+ 37. Ke2 Nc2 38. b5 Rxc4 39. bxc6 Bxc6 40. Kd3 b5 41. Re7+ Kb6 42. e4 Nb4+ 43. Ke3 Nxa2 44. e5 Nb4 45. Kd2 Nd5 46. Rh7 Re4 47. Rh5 Re3 0-1

[Event "POL-ch Rapid U18 Girls"]
[Site "Bydgoszcz"]
[Date "2023.08.29"]
[Round "2"]
[White "Kaczan, Anna"]
[Black "Matskevich, Varvara"]
[Result "1/2-1/2"]
[WhiteElo "1207"]
[BlackElo "1747"]
[PlyCount "56"]
[EventDate "2023.08.28"]
[EventType "swiss"]
[EventRounds "11"]
[EventCountry "POL"]
[SourceTitle "EXT 2024"]
[Source "ChessBase"]
[SourceDate "2023.10.10"]
[SourceVersion "1"]
[SourceVersionDate "2023.10.10"]
[SourceQuality "1"]

1. e4 c5 2. Nf3 Nc6 3. d4 cxd4 4. Nxd4 Qb6 5. Nb3 Nf6 6. Nc3 e6 7. Be3 Qc7 8. Bd3 Bb4 9. Qd2 d5 10. exd5 Nxd5 11. 0-0 Bxc3 12. bxc3 Ne5 13. c4 Nxc4 14. Bxc4 Qxc4 15. Rac1 0-0 16. Rfe1 b6 17. Bd4 Bb7 18. Qg5 f6 19. Qg3 e5 20. Be3 Nc3 21. a3 Ne2+ 22. Kh1 Nxg3+ 23. fxg3 Qe4 24. Re2 Rfd8 25. Rg1 Rac8 26. Nc1 Rxc2 27. Rxc2 Qxc2 28. h3 Rd1 1/2-1/2

[Event "EU-chT U12 Girls"]
[Site "Iasi"]
[Date "2023.07.26"]
[Round "3.2"]
[White "Semenova, Vasilisa"]
[Black "Matskevich, Varvara"]
[Result "0-1"]
[WhiteElo "1586"]
[BlackElo "1676"]
[PlyCount "112"]
[EventDate "2023.07.24"]
[EventType "team-swiss"]
[EventRounds "7"]
[EventCountry "ROU"]
[SourceTitle "CBM 215 Extra"]
[Source "ChessBase"]
[SourceDate "2023.09.30"]
[SourceVersion "1"]
[SourceVersionDate "2023.09.30"]
[SourceQuality "1"]
[WhiteTeam "Romania U12 Girls"]
[BlackTeam "Poland U12 Girls"]
[WhiteTeamCountry "ROU"]
[BlackTeamCountry "POL"]

1. d4 f5 2. c4 Nf6 3. Nc3 d6 4. g3 g6 5. Bg2 Bg7 6. b3 0-0 7. Bb2 c6 8. e3 Qc7 9. Nge2 e5 10. c5 dxc5 11. dxc5 Na6 12. b4 Be6 13. a3 Qf7 14. 0-0 Rfd8 15. Qb1 Bb3 16. Nc1 Bc4 17. Rd1 Nc7 18. a4 Nfd5 19. Nxd5 Nxd5 20. Na2 Bxa2 21. Qxa2 Nxb4 22. Qxf7+ Kxf7 23. Bc3 Na6 24. Rdb1 Nxc5 25. Bb4 Nd3 26. Bc3 Rd7 27. Bf1 e4 28. Bxg7 Kxg7 29. Rb3 Ne5 30. Be2 b6 31. a5 b5 32. Rc1 Kf6 33. h3 a6 34. Kg2 Rc8 35. Rbc3 Rd2 36. Kf1 Ke6 37. g4 Rd5 38. gxf5+ gxf5 39. Kg2 c5 40. Kh2 c4 41. h4 b4 42. R3c2 Rdc5 43. Kg3 Nd3 44. Rb1 Kd5 45. Bxd3 exd3 46. Rd2 Ke5 47. f4+ Ke4 48. Kf2 Rb5 49. Rdb2 Rcb8 50. Rc1 c3 51. Rb3 Rc8 52. Rcb1 c2 53. Rxb4+ Rxb4 54. Rxb4+ Kd5 55. Rd4+ Ke6 56. Rxd3 c1Q 0-1

[Event "EU-ch Rapid"]
[Site "Katowice"]
[Date "2022.12.17"]
[Round "1"]
[White "Matskevich, Varvara"]
[Black "Alexakis, Dimitris"]
[Result "0-1"]
[WhiteElo "1571"]
[BlackElo "2486"]
[PlyCount "90"]
[EventDate "2022.12.17"]
[EventType "swiss (rapid)"]
[EventRounds "11"]
[EventCountry "POL"]
[SourceTitle "CBM 211 Extra"]
[Source "ChessBase"]
[SourceDate "2023.01.31"]
[SourceVersion "1"]
[SourceVersionDate "2023.01.31"]
[SourceQuality "1"]

1. e4 c5 2. c3 d5 3. exd5 Qxd5 4. d4 Nf6 5. Nf3 Bf5 6. Nbd2 Nc6 7. Bc4 Qd7 8. Nb3 cxd4 9. Nbxd4 Be4 10. Qe2 Bd5 11. Nxc6 bxc6 12. 0-0 e6 13. Bf4 Bd6 14. Bxd6 Qxd6 15. Qe5 Ke7 16. Rad1 Rad8 17. Qe3 Rhe8 18. Bxd5 cxd5 19. Qxa7+ Kf8 20. Qe3 Ra8 21. a3 Reb8 22. Rd2 Ra4 23. Nd4 Ra6 24. f3 Rab6 25. Rff2 g6 26. c4 Kg8 27. b4 dxc4 28. Qg5 Nd5 29. Ne2 Qc7 30. Ng3 c3 31. Rc2 Ra8 32. Ne4 Rxa3 33. g3 Rxb4 34. Kg2 Kg7 35. Qc1 Rab3 36. Kh3 Qe5 37. Rfe2 Qf5+ 38. Kg2 Rb1 39. Qa3 R4b3 40. Qc5 R1b2 41. Qd4+ Kg8 42. Rxb2 cxb2 43. Rxb2 Qxf3+ 44. Kg1 Rxb2 45. Qxb2 Qxe4 0-1

[Event "POL-ch U20 Girls"]
[Site "Karpacz"]
[Date "2022.11.19"]
[Round "1"]
[White "Matskevich, Varvara"]
[Black "Smietanska, Wiktoria"]
[Result "1-0"]
[WhiteElo "1526"]
[BlackElo "1954"]
[PlyCount "129"]
[EventDate "2022.11.19"]
[EventType "swiss"]
[EventRounds "9"]
[EventCountry "POL"]
[SourceTitle "EXT 2024"]
[Source "ChessBase"]
[SourceDate "2023.10.10"]
[SourceVersion "1"]
[SourceVersionDate "2023.10.10"]
[SourceQuality "1"]

1. e4 c5 2. c3 d5 3. exd5 Qxd5 4. d4 Nf6 5. Nf3 Bf5 6. Be3 Nc6 7. Bb5 a6 8. c4 Qd6 9. Ba4 cxd4 10. Nxd4 Bd7 11. Nc3 Qc7 12. 0-0 Ng4 13. g3 Nxe3 14. fxe3 e6 15. Qh5 g6 16. Qf3 f5 17. Bxc6 bxc6 18. Na4 Be7 19. c5 Rd8 20. Qe2 Qe5 21. Nf3 Qe4 22. b3 0-0 23. Rac1 Be8 24. Rfd1 Rxd1+ 25. Rxd1 f4 26. Nd2 Qxe3+ 27. Qxe3 fxe3 28. Ne4 g5 29. Re1 Rf3 30. Rf1 g4 31. Nec3 Bg6 32. Kg2 Rxf1 33. Kxf1 Bd3+ 34. Ke1 Kf7 35. b4 Bf6 36. Ne2 e5 37. Nb2 e4 38. Nd1 Bg5 39. Nd4 Bb5 40. Nc3 Bd3 41. Nxc6 Ke6 42. Nd4+ Ke5 43. Nb3 h5 44. a4 Bd8 45. Kd1 h4 46. Ne2 h3 47. Nf4 Bc4 48. Nc1 Bc7 49. Kc2 Kd4 50. c6 Ke5 51. Kc3 Bd5 52. b5 axb5 53. axb5 Ba5+ 54. Kc2 Bc4 55. Nb3 Bb6 56. Nc5 e2 57. Nd7+ Kd6 58. Nxb6 e1Q 59. Nxc4+ Kc5 60. c7 Qf2+ 61. Nd2 e3 62. c8Q+ Kd6 63. Qe6+ Kc7 64. Nd5+ Kd8 65. Qe7+ 1-0